000
00309nam a22001337a 4500
020
_a
0-439-83157-1
082
_a
823
_b
WAS/S
100
_a
WASSERMAN, ROBIN
245
_a
UNFABULOUS STARSTRUCK
260
_a
UNITED STATES
_b
SCHOLASTIC INC
_c
2006
300
_a
105
650
_a
NOVEL
_z
UNITED STATES
942
_c
BK
999
_c
2510
_d
2510